000 00484nam a22001817a 4500
003 DO-SdBNP
005 20211112133515.0
007 ta
008 211112b2010 dr ||||| |||| 00| 0 spa d
040 _aDO-SdBNP
_bspa
_cBNPHU
245 1 0 _aJuan Bosch :
_bcien años en cien palabras.
250 _a2da. ed.
260 _aSanto Domingo :
_bImpresora Central,
_c2010.
300 _a55 p. ;
_c23 cm.
590 _aInventariado, 2021 /LP
910 _aLopérez
942 _2ddc
_cLBS1
999 _c50952
_d50952